000 01037njm a22002897a 4500
005 20100920103758.0
007 sd ammalaaahaa
008 100910t xxu||||| |||| 00| 0 eng d
028 _a3AEX. 5024
_bOdeon
035 _aGR-03809
040 _aSED
_cSED
100 _aRafi, Mohd.
_919365
245 _aProfessor /
_csung by Mohd. Rafi...[et.al] ; music Shankar Jaikishan; lyric
_h[sound recording] :
246 _aProfessor (Mohd Rafi)
260 _aDum Dum India
_bOdeon
_c1963
300 _a1 sound disc [Gramophone Recording] :
_banalog, 33 1/3 rpm ;
_c12 in. (SP)
_fGramaphone Records
500 _aBrief record.
500 _aRecord Lebels : Odeon, Black
505 _aSide-1 O gulbadan, Side-2 Kal ki daulat aaj ki khushiyan
600 _aBhosle, Asha
_919611
650 _2Excerpts.
_aClassical Music
_bIndia
_919366
_vFilm song
700 _aShankar Jaikishan
_919421
700 _919612
700 _919613
942 _2ddc
_cGR
999 _c46898
_d46898